| 000 | 00000nas 2200000za 4500 |
| 001 | 9.842302 |
| 003 | CaOODSP |
| 005 | 20221107152309 |
| 007 | cr ||||||||||| |
| 008 | 170823d19861986oncar p oss f0###a0eng|d |
| 022 | |y0832-8331 |
| 040 | |aCaOODSP|beng |
| 043 | |an-cn--- |
| 086 | 1 |aCS11-204E-PDF |
| 110 | 1 |aCanada.|bStatistics Canada. |bCommunications Division. |
| 245 | 10|aCurrent publications index |h[electronic resource] / |cStatistics Canada. |
| 260 | |a[Ottawa] : |bStatistics Canada, Communications Division, |c[1986] |
| 310 | |aAnnual |
| 362 | 0 |a1986. |
| 500 | |aDigitized edition from print [produced by Statistics Canada]. |
| 500 | |aIssued also in French under title: Répertoire des publications. |
| 692 | 07|2gccst|aStatistics |
| 692 | 07|2gccst|aPublishing |
| 775 | 08|tRépertoire des publications |w(CaOODSP)9.842307 |
| 780 | 00|tStatistics Canada catalogue |w(CaOODSP)9.842286 |
| 785 | 00|tStatistics Canada catalogue |w(CaOODSP)9.842303 |